[Event "Krakow op-A 19th"]
[Site "Krakow"]
[Date "2009.01.03"]
[Round "8"]
[White "Motor, Marta"]
[Black "Sliwerski, Radoslaw"]
[Result "1/2-1/2"]
[WhiteElo "2065"]
[BlackElo "2120"]
[PlyCount "103"]
[EventDate "2008.12.26"]
[EventType "swiss"]
[EventRounds "9"]
[EventCountry "POL"]
[SourceTitle "CBM 128 Extra"]
[Source "ChessBase"]
[SourceDate "2009.03.05"]
[SourceVersion "2"]
[SourceVersionDate "2009.03.25"]
[SourceQuality "1"]

1. e4 c5 2. Nf3 d6 3. d4 cxd4 4. Nxd4 Nf6 5. Nc3 a6 6. Be3 e5 7. Nb3 Be6 8. Be2 Be7 9. 0-0 0-0 10. Kh1 Nbd7 11. f4 Qc7 12. f5 Bc4 13. g4 h6 14. h4 Nh7 15. Bxc4 Qxc4 16. Nd2 Qc6 17. g5 hxg5 18. Nd5 Rfe8 19. Nxe7+ Rxe7 20. hxg5 d5 21. Qh5 d4 22. f6 Re6 23. Bg1 Qxc2 24. Rf2 g6 25. Qh6 Ndxf6 26. gxf6 Nxf6 27. Rh2 Nh5 28. Rf1 Rf8 29. Rf3 Qd1 30. Qg5 Kh7 31. Qg4 f5 32. Qg5 f4 33. Rfh3 Rh8 34. Rg2 Kg7 35. Kh2 b5 36. Nb3 f3 37. Rxh5 fxg2 38. Rxh8 Kxh8 39. Qd8+ Kg7 40. Qd7+ Kf6 41. Nxd4 Qh5+ 42. Kxg2 Qg4+ 43. Kh2 Qh4+ 44. Kg2 Qxe4+ 45. Nf3 Qg4+ 46. Kf2 e4 47. Qd4+ Ke7 48. Qg7+ Ke8 49. Qh8+ Ke7 50. Qg7+ Ke8 51. Qh8+ Ke7 52. Qg7+ 1/2-1/2

[Event "Krakow op-A 19th"]
[Site "Krakow"]
[Date "2008.12.31"]
[Round "6"]
[White "Chrzaszcz, Malvina"]
[Black "Motor, Marta"]
[Result "1-0"]
[WhiteElo "2010"]
[BlackElo "2065"]
[PlyCount "43"]
[EventDate "2008.12.26"]
[EventType "swiss"]
[EventRounds "9"]
[EventCountry "POL"]
[SourceTitle "CBM 128 Extra"]
[Source "ChessBase"]
[SourceDate "2009.03.05"]
[SourceVersion "2"]
[SourceVersionDate "2009.03.25"]
[SourceQuality "1"]

1. e4 c5 2. Nf3 d6 3. d4 cxd4 4. Nxd4 Nf6 5. Nc3 a6 6. Be2 e6 7. 0-0 Be7 8. f4 0-0 9. Kh1 Qc7 10. Be3 b5 11. Bf3 Bb7 12. e5 dxe5 13. fxe5 Nfd7 14. Bxb7 Qxb7 15. Bf4 Nb6 16. Qg4 Kh8 17. Rf3 N8d7 18. Rh3 g6 19. Nxe6 fxe6 20. Qxg6 Nf6 21. exf6 Bxf6 22. Ne4 1-0

[Event "Krakow op-A 19th"]
[Site "Krakow"]
[Date "2008.12.29"]
[Round "3"]
[White "Motor, Marta"]
[Black "Englert, Jan"]
[Result "1-0"]
[WhiteElo "2065"]
[BlackElo "2162"]
[PlyCount "55"]
[EventDate "2008.12.26"]
[EventType "swiss"]
[EventRounds "9"]
[EventCountry "POL"]
[SourceTitle "CBM 128 Extra"]
[Source "ChessBase"]
[SourceDate "2009.03.05"]
[SourceVersion "2"]
[SourceVersionDate "2009.03.25"]
[SourceQuality "1"]

1. e4 e5 2. Nf3 d6 3. d4 exd4 4. Nxd4 Nf6 5. Nc3 Be7 6. Be2 0-0 7. 0-0 Re8 8. f4 c5 9. Nb3 Bf8 10. Bf3 a6 11. Re1 Nc6 12. Be3 Qc7 13. g4 Ne7 14. Bf2 Nd7 15. Bg3 Nc6 16. Nd5 Qd8 17. c3 Nb6 18. Qc2 Nxd5 19. exd5 Rxe1+ 20. Rxe1 Nb8 21. Qe4 Nd7 22. Qe8 Qxe8 23. Rxe8 f5 24. Re2 Kf7 25. Bh4 Nf6 26. g5 Nd7 27. Na5 Be7 28. g6+ 1-0

[Event "Krakow op-A 19th"]
[Site "Krakow"]
[Date "2008.12.27"]
[Round "1"]
[White "Motor, Marta"]
[Black "Cechura, Petr"]
[Result "0-1"]
[WhiteElo "2065"]
[BlackElo "2249"]
[PlyCount "70"]
[EventDate "2008.12.26"]
[EventType "swiss"]
[EventRounds "9"]
[EventCountry "POL"]
[SourceTitle "CBM 128 Extra"]
[Source "ChessBase"]
[SourceDate "2009.03.05"]
[SourceVersion "2"]
[SourceVersionDate "2009.03.25"]
[SourceQuality "1"]

1. e4 c5 2. Nf3 d6 3. d4 cxd4 4. Nxd4 Nf6 5. Nc3 a6 6. Be2 e5 7. Nb3 Be6 8. Be3 Be7 9. 0-0 0-0 10. f4 exf4 11. Bxf4 Nc6 12. Qe1 d5 13. exd5 Nxd5 14. Nxd5 Qxd5 15. Bf3 Qc4 16. Qe4 Qxe4 17. Bxe4 Rad8 18. c3 Rd7 19. Rad1 Rfd8 20. Rxd7 Rxd7 21. Re1 g5 22. Be3 Kg7 23. Nd4 Nxd4 24. Bxd4+ Bf6 25. Bxf6+ Kxf6 26. Bxh7 Rd2 27. b4 Bxa2 28. Be4 b6 29. Bb7 a5 30. bxa5 bxa5 31. Re4 Bb3 32. c4 a4 33. c5 a3 34. Re1 a2 35. Bf3 Bd1 0-1